000 00671nam a22002177a 4500
003 UA-OsUOA
001 117773
007 ta
008 20160615b un ||||| |||| 00| 0 ukr d
100 _aХамайко Н.В.
090 _a902
_bХ18
942 _cSA
040 _aUA-OsUOA
_bukr
_cUA-OsUOA
_dUA-OsUOA
245 _aГральні набори з розкопок П.І. Смолічева із заплавного могильника Шестовиці
300 _aС.69-79
955 _a0
041 _aukr
080 _a902
773 0 _w117768
_tАрхеологія
_dК.
_d2016
_g1
650 7 _a9 Географія. Біографії. Історія
_2UDC
999 _c403812
_d403812